Statistics for marvel videogames 2000-2021

Click here to take the quiz!

General Stats

  • This quiz has been taken 55 times
    (52 since last reset)
  • The average score is 17 of 42

Answer Stats

HintAnswer% Correct
2000Spider-Man
94%
2023Spider Man 2
94%
2004Spider-Man 2
94%
2007Spider-Man 3
94%
2020Spider-Man: Miles Morales
94%
2001Spider-Man PC
94%
2018Spider-Man PS4
94%
2010Spider-Man: Shattered Dimensions
94%
2002Spider-Man the movie
94%
2008Spider-Man: Web of Shadows
94%
2005Ultimate Spider-Man
94%
2020Marvel's Avengers
82%
2008Iron Man
78%
2003Hulk
67%
2006X-Men
57%
202-?Wolverine
53%
2021Guardians of the Galaxy
45%
2013Lego Marvel Superheroes
43%
2016Lego Marvel Avengers
39%
2017Guardians of the Galaxy The Telltale Series
37%
2017Lego Marvel Superheroes 2
35%
2006Marvel Ultimate Alliance
22%
2010Iron Man 2
20%
2008Incredible Hulk
14%
2012Amazing Spider-Man
12%
2014Amazing Spider-Man 2
12%
2009Marvel Ultimate Alliance 2
8%
2017Marvel Ultimate Alliance 3
8%
2011Captain America: Super Soldier
6%
2004X-Men Legends
6%
2005X-Men Legends 2: Rise of Apocalypse
6%
2003Marvel vs Capcom 2
4%
2011Marvel vs. Capcom 3
4%
2009X men Origins Wolverine
4%
2013Marvel Heroes
2%
2017Marvel vs Capcom Infinite
2%
2011Thor: God of Thunder
2%
2012Avengers: Battle for Earth
0%
2019Marvel Super War
0%
2012Marvel vs. Capcom Origins
0%
2011Super Hero Squad Comic Combat
0%
2010Super Hero Squad Infinity Gauntlet
0%

Score Distribution

Percentile by Number Answered

Percent of People with Each Score

Your Score History

You have not taken this quiz since the last reset